[Event "Torneig Internacional Ciutat de Sóller"]
[Site "Sóller ESP"]
[Date "2006.02.20"]
[Round "1.1"]
[White "Mascaro March, Pedro"]
[Black "Berg, Emanuel"]
[Result "0-1"]
[WhiteElo "2359"]
[BlackElo "2540"]
[PlyCount "140"]
[EventDate "2006.02.20"]
[EventType "tourn"]
[EventRounds "10"]
[EventCountry "ESP"]
[Source "lmi"]
[SourceDate "2006.02.27"]

1. d4 e6 2. c4 Nf6 3. g3 d5 4. Nf3 dxc4 5. Bg2 Nc6 6. Qa4 Bb4+ 7. Bd2 Nd5 8.
Bxb4 Ndxb4 9. a3 b5 10. Qxb5 Nc2+ 11. Kd2 Bd7 12. Kxc2 Nxd4+ 13. Nxd4 Bxb5 14.
Nxb5 Rb8 15. N1c3 O-O 16. Rhd1 Qf6 17. Ne4 Qh6 18. Nbc3 f5 19. Nc5 Qxh2 20. Bf3
Qxf2 21. Nd7 g5 22. Nxf8 Kxf8 23. g4 h5 24. gxf5 g4 25. Be4 Rb3 26. Rd2 Qe3 27.
Rf1 Rxb2+ 28. Kxb2 Qxd2+ 29. Bc2 g3 30. fxe6+ Ke7 31. Rf5 g2 32. Rf7+ Kxe6 33.
Rg7 h4 34. Rxg2 h3 35. Rg6+ Kf7 36. Rf6+ Ke7 37. Rf2 c6 38. Rh2 Qe3 39. Be4
Qb6+ 40. Kc2 Qb3+ 41. Kd2 Qb2+ 42. Bc2 Qb7 43. Bf5 Qb2+ 44. Bc2 Qb7 45. Bf5 Kf6
46. Be4 Kg5 47. Rh1 Kh4 48. Rb1 Qc7 49. Rb4 h2 50. Rxc4 Qf4+ 51. e3 Qd6+ 52.
Ke2 Qxa3 53. Bxc6+ Kg5 54. Ne4+ Kh6 55. Nd2 Qa1 56. Nf1 Qa2+ 57. Kd3 Qb3+ 58.
Kd4 Qd1+ 59. Ke5 Qxf1 60. Rh4+ Kg5 61. Rxh2 Qc1 62. Kd6 Qxe3 63. Rg2+ Kf6 64.
Bd5 Qb6+ 65. Kd7 a5 66. Ra2 Ke5 67. Bc6 Qa7+ 68. Kc8 Kd6 69. Bb7 Qe3 70. Kb8 a4
0-1

[Event "Torneig Internacional Ciutat de Sóller"]
[Site "Sóller ESP"]
[Date "2006.02.20"]
[Round "1.2"]
[White "Carlsson, Pontus"]
[Black "Campos Moreno, Javier B"]
[Result "1-0"]
[WhiteElo "2430"]
[BlackElo "2473"]
[PlyCount "43"]
[EventDate "2006.02.20"]
[EventType "tourn"]
[EventRounds "10"]
[EventCountry "ESP"]
[Source "lmi"]
[SourceDate "2006.02.27"]

1. e4 c5 2. Nf3 d6 3. d4 cxd4 4. Nxd4 Nf6 5. Nc3 g6 6. Be3 Bg7 7. f3 a6 8. Bc4
Nbd7 9. Bb3 Nc5 10. Qd2 Nxb3 11. cxb3 O-O 12. O-O-O b5 13. Kb1 Bb7 14. h4 b4
15. Na4 Rb8 16. h5 e5 17. Ne2 d5 18. hxg6 hxg6 19. Bh6 dxe4 20. Bxg7 Qxd2 21.
Bxf6 Qxd1+ 22. Rxd1 1-0

[Event "Torneig Internacional Ciutat de Sóller"]
[Site "Sóller ESP"]
[Date "2006.02.20"]
[Round "1.3"]
[White "Souleidis, Georgios"]
[Black "Mirzoev, Azer"]
[Result "0-1"]
[WhiteElo "2433"]
[BlackElo "2498"]
[PlyCount "120"]
[EventDate "2006.02.20"]
[EventType "tourn"]
[EventRounds "10"]
[EventCountry "ESP"]
[Source "lmi"]
[SourceDate "2006.02.27"]

1. e4 e5 2. Nf3 Nf6 3. Nxe5 d6 4. Nf3 Nxe4 5. Nc3 Nf6 6. d4 Be7 7. Bg5 h6 8.
Bf4 Bf5 9. Bd3 Qd7 10. Bxf5 Qxf5 11. Qd2 Nc6 12. O-O-O Nd5 13. Nxd5 Qxd5 14.
Kb1 O-O-O 15. Be3 Bf6 16. Rc1 Rhe8 17. c4 Qf5+ 18. Ka1 d5 19. c5 g5 20. h3 a6
21. Rhd1 Bg7 22. b4 Qg6 23. g4 f5 24. gxf5 Qxf5 25. Ng1 Re4 26. Ne2 Qxh3 27. a4
Kd7 28. b5 axb5 29. axb5 Ra8+ 30. Kb1 Ne7 31. Nc3 Re6 32. Kb2 Nf5 33. Nxd5 Qf3
34. Nc3 Rxe3 35. fxe3 Nxe3 36. Qh2 Nxd1+ 37. Rxd1 Rf8 38. Rd2 Rf4 39. b6 cxb6
40. cxb6 Qc6 41. Qh3+ Qe6 42. Qd3 Qxb6+ 43. Kc2 Qc6 44. Qh7 Qf6 45. Qg8 Rxd4
46. Re2 Qg6+ 47. Kc1 Rd3 48. Nd5 Qc6+ 49. Rc2 Qxd5 50. Qxg7+ Ke6 51. Qg6+ Ke5
52. Qe8+ Kf4 53. Qf8+ Kg4 54. Qc8+ Kg3 55. Qc7+ Qd6 56. Qxb7 Rd1+ 57. Kb2 Qd4+
58. Rc3+ Rd3 59. Qc7+ Kh3 60. Qc8+ g4 0-1

[Event "Torneig Internacional Ciutat de Sóller"]
[Site "Sóller ESP"]
[Date "2006.02.21"]
[Round "2.1"]
[White "Campos Moreno, Javier B"]
[Black "Mirzoev, Azer"]
[Result "1/2-1/2"]
[WhiteElo "2473"]
[BlackElo "2498"]
[PlyCount "27"]
[EventDate "2006.02.20"]
[EventType "tourn"]
[EventRounds "10"]
[EventCountry "ESP"]
[Source "lmi"]
[SourceDate "2006.02.27"]

1. d4 d5 2. c4 c6 3. Nf3 Nf6 4. Nc3 g6 5. cxd5 cxd5 6. Bf4 Nc6 7. e3 Bg7 8. Bb5
Bd7 9. O-O O-O 10. Ne5 Rc8 11. Rc1 e6 12. Qb3 Nxe5 13. Bxe5 Ne4 14. Nxe4
1/2-1/2

[Event "Torneig Internacional Ciutat de Sóller"]
[Site "Sóller ESP"]
[Date "2006.02.21"]
[Round "2.2"]
[White "Berg, Emanuel"]
[Black "Souleidis, Georgios"]
[Result "1/2-1/2"]
[WhiteElo "2540"]
[BlackElo "2433"]
[PlyCount "71"]
[EventDate "2006.02.20"]
[EventType "tourn"]
[EventRounds "10"]
[EventCountry "ESP"]
[Source "lmi"]
[SourceDate "2006.02.27"]

1. e4 c5 2. b3 e6 3. Bb2 d5 4. exd5 exd5 5. d4 Nf6 6. Bb5+ Nc6 7. Nd2 a6 8.
Qe2+ Be7 9. Bxc6+ bxc6 10. Ngf3 O-O 11. dxc5 Bxc5 12. O-O-O a5 13. Ng5 a4 14.
Qd3 Re8 15. Rhe1 Be6 16. Kb1 axb3 17. cxb3 Ba3 18. Bc3 c5 19. Nxe6 fxe6 20. Qh3
d4 21. Nf3 Nd5 22. Bd2 Qf6 23. Qh4 Bb4 24. Qxf6 gxf6 25. Bxb4 Nxb4 26. a4 e5
27. Nd2 Nd3 28. Ne4 Nxe1 29. Nxf6+ Kf7 30. Nxe8 Nxg2 31. Nd6+ Ke6 32. Ne4 Kd5
33. Nf6+ Ke6 34. Ne4 Kd5 35. Nf6+ Ke6 36. Ne4 1/2-1/2

[Event "Torneig Internacional Ciutat de Sóller"]
[Site "Sóller ESP"]
[Date "2006.02.21"]
[Round "3.2"]
[White "Souleidis, Georgios"]
[Black "Carlsson, Pontus"]
[Result "0-1"]
[WhiteElo "2433"]
[BlackElo "2430"]
[PlyCount "110"]
[EventDate "2006.02.20"]
[EventType "tourn"]
[EventRounds "10"]
[EventCountry "ESP"]
[Source "lmi"]
[SourceDate "2006.02.27"]

1. e4 c5 2. Nf3 d6 3. d4 Nf6 4. Nc3 cxd4 5. Nxd4 g6 6. Be3 Bg7 7. f3 O-O 8. Qd2
Nc6 9. O-O-O d5 10. exd5 Nxd5 11. Nxc6 bxc6 12. Bd4 Nxc3 13. Qxc3 Bh6+ 14. Be3
Bxe3+ 15. Qxe3 Qb6 16. Qxe7 Be6 17. Qa3 Rad8 18. Bd3 Rd4 19. Qc3 Ra4 20. Qf6
Bxa2 21. h4 Ra5 22. Rhe1 Rb8 23. h5 Rxh5 24. Re7 Bd5 25. Rde1 Rf8 26. b3 c5 27.
Qc3 Rg5 28. R1e2 Rh5 29. Kb2 Qb8 30. Bc4 Bxc4 31. Qxc4 a5 32. g4 Rh3 33. R2e3
Qd6 34. Ra7 Qb6 35. Ra6 Qb7 36. Rxa5 Rxf3 37. Rb5 Qc6 38. Rxf3 Qxf3 39. Rxc5 h6
40. b4 Qf6+ 41. Qc3 Qe6 42. Qc4 Qf6+ 43. Qc3 Qe6 44. Qd4 Ra8 45. Rd5 Kh7 46. b5
Qe1 47. Kb3 Qc1 48. Qb2 Qe3+ 49. Rd3 Qe6+ 50. c4 Rb8 51. Rd5 Ra8 52. Rd3 Rb8
53. Rd5 Ra8 54. Rd3 Qe1 55. Rf3 Qd1+ 0-1

[Event "Torneig Internacional Ciutat de Sóller"]
[Site "Sóller ESP"]
[Date "2006.02.21"]
[Round "3.3"]
[White "Mascaro March, Pedro"]
[Black "Campos Moreno, Javier B"]
[Result "1/2-1/2"]
[WhiteElo "2359"]
[BlackElo "2473"]
[PlyCount "77"]
[EventDate "2006.02.20"]
[EventType "tourn"]
[EventRounds "10"]
[EventCountry "ESP"]
[Source "lmi"]
[SourceDate "2006.02.27"]

1. d4 Nf6 2. c4 e6 3. g3 d5 4. Nf3 Bb4+ 5. Bd2 Be7 6. Bg2 O-O 7. O-O c6 8. Qc2
b6 9. Bf4 Ba6 10. Nbd2 Nbd7 11. Ne5 Nxe5 12. Bxe5 Qd7 13. e4 Rac8 14. Bxf6 Bxf6
15. e5 Be7 16. Rfd1 c5 17. cxd5 exd5 18. dxc5 Rxc5 19. Qb1 Qe6 20. Nb3 Rc7 21.
f4 Rfc8 22. Bxd5 Qg4 23. Rd2 Bc4 24. Qd1 Qg6 25. Qf3 a5 26. Bxc4 Rxc4 27. Rad1
a4 28. Nd4 Bc5 29. Qd5 Rxd4 30. Rxd4 h5 31. Kg2 Bxd4 32. Qxd4 Rc2+ 33. Rd2 Qc6+
34. Kh3 Qe6+ 35. Kg2 Qc6+ 36. Kf2 Rc1 37. Rd1 Qc2+ 38. Rd2 Qc6 39. Rd1 1/2-1/2

[Event "Torneig Internacional Ciutat de Sóller"]
[Site "Sóller ESP"]
[Date "2006.02.23"]
[Round "5.1"]
[White "Mirzoev, Azer"]
[Black "Mascaro March, Pedro"]
[Result "1/2-1/2"]
[WhiteElo "2498"]
[BlackElo "2359"]
[PlyCount "23"]
[EventDate "2006.02.20"]
[EventType "tourn"]
[EventRounds "10"]
[EventCountry "ESP"]
[Source "lmi"]
[SourceDate "2006.02.27"]

1. d4 Nf6 2. c4 e6 3. Nf3 b6 4. g3 Ba6 5. Qa4 Bb7 6. Bg2 c5 7. dxc5 Bxc5 8. O-O
O-O 9. Nc3 Be7 10. Bf4 Na6 11. Rfd1 Nc5 12. Qc2 1/2-1/2

[Event "Torneig Internacional Ciutat de Sóller"]
[Site "Sóller ESP"]
[Date "2006.02.23"]
[Round "5.2"]
[White "Berg, Emanuel"]
[Black "Carlsson, Pontus"]
[Result "1-0"]
[WhiteElo "2540"]
[BlackElo "2430"]
[PlyCount "99"]
[EventDate "2006.02.20"]
[EventType "tourn"]
[EventRounds "10"]
[EventCountry "ESP"]
[Source "lmi"]
[SourceDate "2006.02.27"]

1. c4 e5 2. g3 Nf6 3. Bg2 h6 4. a3 c6 5. d4 exd4 6. Qxd4 d5 7. cxd5 cxd5 8. Nc3
Nc6 9. Qd3 Be6 10. Nf3 Be7 11. O-O O-O 12. Bf4 a6 13. Rfd1 Rc8 14. Rac1 Na5 15.
Nd2 b5 16. b4 Nc4 17. Nxc4 Rxc4 18. Nxd5 Nxd5 19. Bxd5 Bxd5 20. Qxd5 Qxd5 21.
Rxd5 Rxc1+ 22. Bxc1 Rc8 23. Bd2 Rc2 24. Be1 Ra2 25. Rd3 Bf6 26. Bc3 Bxc3 27.
Rxc3 g6 28. f4 Kg7 29. Kf2 Kf8 30. Kf3 h5 31. h4 Ke7 32. Re3+ Kf6 33. Rc3 Ke7
34. e4 Kd6 35. Rd3+ Ke6 36. Rc3 Kd6 37. e5+ Kd7 38. Ke4 Re2+ 39. Re3 Ra2 40. f5
Rf2 41. Rd3+ Ke7 42. f6+ Ke8 43. Rd6 Re2+ 44. Kf4 a5 45. bxa5 Rf2+ 46. Kg5 Rf3
47. a6 Rxg3+ 48. Kh6 Rxa3 49. Kg7 Ra4 50. e6 1-0

[Event "Torneig Internacional Ciutat de Sóller"]
[Site "Sóller ESP"]
[Date "2006.02.23"]
[Round "5.3"]
[White "Souleidis, Georgios"]
[Black "Campos Moreno, Javier B"]
[Result "0-1"]
[WhiteElo "2433"]
[BlackElo "2473"]
[PlyCount "92"]
[EventDate "2006.02.20"]
[EventType "tourn"]
[EventRounds "10"]
[EventCountry "ESP"]
[Source "lmi"]
[SourceDate "2006.02.27"]

1. e4 c5 2. Nf3 d6 3. d4 cxd4 4. Qxd4 a6 5. c4 Nc6 6. Qd2 g6 7. h3 Bg7 8. Be2
Nf6 9. Nc3 O-O 10. O-O Rb8 11. Re1 Nd7 12. Rb1 Nde5 13. Nh2 f5 14. f4 Nf7 15.
exf5 gxf5 16. Bh5 b5 17. cxb5 axb5 18. Nf3 b4 19. Nd5 e6 20. Bxf7+ Rxf7 21. Ng5
Ra7 22. Nxe6 Bxe6 23. Rxe6 Nd4 24. Re1 Qa5 25. Ne3 Qxa2 26. Qd3 Qa6 27. Qd1 Re7
28. Nd5 Rxe1+ 29. Qxe1 Qd3 30. Be3 Nf3+ 31. gxf3 Qxd5 32. Kg2 Re8 33. Qg1 Qb3
34. Bf2 Re2 35. Qd1 Qxd1 36. Rxd1 Rxb2 37. Rxd6 b3 38. Rd8+ Kf7 39. Rd7+ Kg6
40. Rd6+ Kh5 41. Kg3 Re2 42. Rb6 b2 43. Bc5 Re1 44. Bf8 b1=Q 45. Rxb1 Rxb1 46.
Bxg7 Rg1+ 0-1

[Event "Torneig Internacional Ciutat de Sóller"]
[Site "Sóller ESP"]
[Date "2006.02.24"]
[Round "7.1"]
[White "Mirzoev, Azer"]
[Black "Campos Moreno, Javier B"]
[Result "1/2-1/2"]
[WhiteElo "2498"]
[BlackElo "2473"]
[PlyCount "33"]
[EventDate "2006.02.20"]
[EventType "tourn"]
[EventRounds "10"]
[EventCountry "ESP"]
[Source "lmi"]
[SourceDate "2006.02.27"]

1. Nf3 Nf6 2. d4 d5 3. c4 e6 4. Nc3 Be7 5. cxd5 exd5 6. Bg5 c6 7. e3 O-O 8. Bd3
Nbd7 9. Qc2 Re8 10. O-O Nf8 11. Rac1 Ne4 12. Bxe7 Qxe7 13. Bxe4 dxe4 14. Nd2 f5
15. f3 exf3 16. Nxf3 Ne6 17. e4 1/2-1/2

[Event "Torneig Internacional Ciutat de Sóller"]
[Site "Sóller ESP"]
[Date "2006.02.24"]
[Round "7.3"]
[White "Mascaro March, Pedro"]
[Black "Carlsson, Pontus"]
[Result "1/2-1/2"]
[WhiteElo "2359"]
[BlackElo "2430"]
[PlyCount "143"]
[EventDate "2006.02.20"]
[EventType "tourn"]
[EventRounds "10"]
[EventCountry "ESP"]
[Source "lmi"]
[SourceDate "2006.02.27"]

1. d4 Nf6 2. c4 e6 3. g3 c5 4. d5 exd5 5. cxd5 b5 6. Bg2 d6 7. b4 Bb7 8. a3
Nbd7 9. Nc3 a6 10. Nf3 Rc8 11. Bb2 Nb6 12. e4 Nc4 13. Bc1 g6 14. O-O Bg7 15.
Ra2 O-O 16. Qb3 Nd7 17. Rc2 Qb6 18. a4 cxb4 19. Qxb4 Qa5 20. Na2 Qxa4 21. Qxa4
bxa4 22. Bf4 Nce5 23. Rxc8 Rxc8 24. Rb1 Rc7 25. Rb4 Nc5 26. Nxe5 Bxe5 27. Bxe5
dxe5 28. Rc4 Kf8 29. d6 Rc8 30. Bh3 Ne6 31. Rxa4 Rd8 32. Bxe6 fxe6 33. Rb4 Bc6
34. Rb6 Bxe4 35. Rxa6 Bf3 36. Kf1 Bd5 37. Ke1 Bc4 38. Ra7 Rxd6 39. Nc3 h5 40.
Ne4 Ra6 41. Rxa6 Bxa6 42. Nc5 Bc8 43. Nd3 e4 44. Nc5 e5 45. Nxe4 Bf5 46. Ng5
Ke7 47. Kd2 Kf6 48. h4 Bb1 49. Ke3 Bc2 50. Kd2 Bb1 51. Kc3 Ba2 52. Kb4 Ke7 53.
Kc5 Bb3 54. Kc6 Ba2 55. Nf3 Ke6 56. Kc7 Bd5 57. Nd2 Ke7 58. Nf1 Ba2 59. Nd2 Bd5
60. Nb1 Ba2 61. Nc3 Bb3 62. Ne4 Bd5 63. Nc5 Bc4 64. Nd7 Ke6 65. Kd8 Bb5 66.
Nf8+ Kf7 67. Nh7 Ke6 68. Ng5+ Kf6 69. Kc7 Ke7 70. Nf3 Ke6 71. Ng5+ Ke7 72. Nf3
1/2-1/2

[Event "Torneig Internacional Ciutat de Sóller"]
[Site "Sóller ESP"]
[Date "2006.02.25"]
[Round "8.2"]
[White "Berg, Emanuel"]
[Black "Mirzoev, Azer"]
[Result "1/2-1/2"]
[WhiteElo "2540"]
[BlackElo "2498"]
[PlyCount "97"]
[EventDate "2006.02.20"]
[EventType "tourn"]
[EventRounds "10"]
[EventCountry "ESP"]
[Source "lmi"]
[SourceDate "2006.02.27"]

1. e4 c5 2. Nf3 Nc6 3. d4 cxd4 4. Nxd4 e5 5. Nb5 a6 6. Nd6+ Bxd6 7. Qxd6 Qf6 8.
Qc7 Nge7 9. Nc3 Nb4 10. Bd3 d5 11. Bd2 d4 12. Na4 Qc6 13. Qxc6+ Nexc6 14. Nb6
Rb8 15. f4 f6 16. f5 Kd8 17. a3 Nxd3+ 18. cxd3 Kc7 19. Nd5+ Kd6 20. Nb6 Kc7 21.
Nd5+ Kd6 22. O-O Bd7 23. Nb6 Kc7 24. Nd5+ Kd6 25. a4 a5 26. Nb6 Kc7 27. Nd5+
Kd6 28. Rab1 b5 29. b4 axb4 30. Rxb4 bxa4 31. Rxa4 Ra8 32. Rxa8 Rxa8 33. Rb1
Ra7 34. g4 Be8 35. Rb6 Kc5 36. Rb2 Kd6 37. Rb6 Kc5 38. Rb2 Kd6 39. Kf2 Bf7 40.
Nb4 Rb7 41. Ke2 h5 42. h3 hxg4 43. hxg4 g6 44. Rb1 gxf5 45. gxf5 Kd7 46. Kf2
Ke8 47. Ke2 Kd7 48. Kf2 Ke8 49. Ke2 1/2-1/2

[Event "Torneig Internacional Ciutat de Sóller"]
[Site "Sóller ESP"]
[Date "2006.02.25"]
[Round "9.3"]
[White "Souleidis, Georgios"]
[Black "Mascaro March, Pedro"]
[Result "1/2-1/2"]
[WhiteElo "2433"]
[BlackElo "2359"]
[PlyCount "109"]
[EventDate "2006.02.20"]
[EventType "tourn"]
[EventRounds "10"]
[EventCountry "ESP"]
[Source "lmi"]
[SourceDate "2006.02.27"]

1. e4 Nc6 2. Nf3 d6 3. d4 Nf6 4. Nc3 Bg4 5. Be3 e6 6. h3 Bh5 7. d5 exd5 8. exd5
Bxf3 9. Qxf3 Ne5 10. Qe2 a6 11. f4 Ned7 12. O-O-O Qe7 13. g4 O-O-O 14. Bg2 g6
15. Rhe1 Bg7 16. Qc4 Rde8 17. a4 Qd8 18. a5 Re7 19. Bf2 Rxe1 20. Rxe1 Re8 21.
Rd1 h6 22. Kb1 g5 23. fxg5 hxg5 24. Ne2 Ne5 25. Qd4 Nexg4 26. hxg4 Rxe2 27. Bf1
Re4 28. Qa7 Nxg4 29. Bh3 Qf6 30. Bd4 Rxd4 31. Qxd4 Qxd4 32. Rxd4 Bxd4 33. Bxg4+
Kd8 34. c3 Bf2 35. Kc2 c6 36. dxc6 bxc6 37. Be2 d5 38. Bxa6 Kd7 39. Kd2 Kd6 40.
Ke2 Ba7 41. Bc8 d4 42. b4 dxc3 43. Kd3 Bf2 44. Kxc3 c5 45. bxc5+ Bxc5 46. Kd3
Ke5 47. Ke2 f5 48. Kf3 Kf6 49. a6 Ba7 50. Bb7 g4+ 51. Kg2 Kg5 52. Bc6 Kf4 53.
Bd7 Bb8 54. Bc8 Ke5 55. Bd7 1/2-1/2

[Event "Torneig Internacional Ciutat de Sóller"]
[Site "Sóller ESP"]
[Date "2006.02.26"]
[Round "10.1"]
[White "Mascaro March, Pedro"]
[Black "Mirzoev, Azer"]
[Result "1/2-1/2"]
[WhiteElo "2359"]
[BlackElo "2498"]
[PlyCount "31"]
[EventDate "2006.02.20"]
[EventType "tourn"]
[EventRounds "10"]
[EventCountry "ESP"]
[Source "lmi"]
[SourceDate "2006.02.27"]

1. d4 d5 2. c4 c6 3. Nf3 Nf6 4. cxd5 cxd5 5. Nc3 Nc6 6. Bf4 Bf5 7. e3 e6 8. Bd3
Bxd3 9. Qxd3 Bd6 10. Bxd6 Qxd6 11. O-O O-O 12. Rfc1 Rfc8 13. h3 Ne7 14. a3 Nd7
15. Rc2 h6 16. Rac1 1/2-1/2